Integrovaný informační systém pro vnitropodnikové řízení /

Hlavní autor: Pospíšilová, Marie
Jazyk: Čeština
Vydáno: Praha : Vysoká škola ekonomická, 1993
Vydání: 1. vyd.
Témata:
Externí odkaz: Digitalizovaný dokument
Fyzický popis: 72 s. : il., tab.
Knihy
Uloženo v:
LEADER 01647nam a2200361 a 4500
001 000004196
003 CZ BrMZK
005 20181102120422.0
007 ta
008 010907s1993 xr f p 000 m cze d
015 |a cnb000084101 
020 |z 80-7079-927-7 
040 |a BOA001  |b cze 
080 9 |a 658:681.31(075.8) 
080 9 |a 681.31:658(075.8) 
100 1 |a Pospíšilová, Marie  |7 jx20050407044  |4 aut 
245 1 0 |a Integrovaný informační systém pro vnitropodnikové řízení /  |c Marie Pospíšilová 
250 |a 1. vyd. 
260 |a Praha :  |b Vysoká škola ekonomická,  |c 1993 
300 |a 72 s. :  |b il., tab. 
504 |a Obsahuje bibliografii 
500 |a Dostupné též v digitální podobě v aplikaci Kramerius 
653 0 |a vnitropodnikové řízení 
856 4 1 |u http://www.digitalniknihovna.cz/mzk/uuid/uuid:20a6a3f0-f6dc-11e8-bc37-005056827e51  |y Digitalizovaný dokument  |x NDK 
910 |a BOA001  |b 4-0994.622  |b TK-A-0258.804 
920 |a 000067977 
964 |a Technika výpočetní - systémy informační integrované - učebnice - školy vysoké 
964 |a Řízení vnitropodnikové - systémy informační integrované - učebnice - školy vysoké 
964 |a Podniky průmyslové - systémy informační integrované - učebnice - školy vysoké 
990 |a BK 
996 7 |b 2610003851  |c 4-0994.622  |l MZK  |r Sklad / do 1 hodiny  |n 26  |p p.v.  |w 000004196  |u 000010  |a 1  |e BOA001  |j MZK50  |s A 
996 7 |b 2620003844  |c TK-A-0258.804  |l MZK  |r Sklad / do 24 hodin  |n 15  |p kup  |w 000004196  |u 000020  |a 1  |e BOA001  |j MZK50  |s A 
996 7 |b 2620003845  |c TK-A-0258.804  |l MZK  |r Sklad / do 24 hodin  |n 8  |p kup  |w 000004196  |u 000030  |a 1  |e BOA001  |j MZK50  |s A